000 02198nam a2200493 i 4500
001 xx005912176
003 NUKAT
005 20260317114446.0
008 260317s2025 pl a |101 0 pol c
020 _a9788361801559
_q(oprawa twarda)
020 _a9788397293694
_q(oprawa twarda)
035 _a(NUKAT)xx005912176
040 _aOLSZT 008/bak
_bpol
_erda
_cOLSZT 008/bak
041 0 _apol
_ager
045 2 _bd1939
_bd1945
046 _k2022
245 0 0 _aObozy niemieckie w latach 1939-1945 w pamięci i dokumentach :
_bprzegląd badań /
_credakcja naukowa: Piotr Majewski, Emilia Figura Osełkowska.
260 _aOlsztyn :
_bInstytut Północny im. Wojciecha Kętrzyńskiego ;
_aSztutowo :
_bMuzeum Stutthof ;
_aOpole :
_bCentralne Muzeum Jeńców Wojennych,
_c2025.
300 _a488 strona :
_bilustracje ;
_c24 cm.
336 _aTekst
_btxt
_2rdacontent
337 _aBez urządzenia pośredniczącego
_bn
_2rdamedia
338 _aWolumin
_bnc
_2rdacarrier
380 _aKsiążki
380 _aPublikacje naukowe
388 1 _a2001-
500 _aMateriały z międzynarodowej konferencji pt.: Obozy niemieckie w latach 1939-1945 - aktualny stan badań, Olsztyn, Instytut Północny im. Wojciecha Kętrzyńskiego, 23-24 listopada 1922 r.
504 _aBibliografie przy pracach. Indeks.
546 _aTekst częściowo w języku niemieckim.
648 7 _a1901-2000
_2DBN
_934996
648 7 _a1939-1945
_2DBN
_936042
650 7 _aNiemieckie nazistowskie obozy koncentracyjne
_2DBN
_935387
650 7 _aWięźniowie obozów
_2DBN
_936983
655 7 _aMateriały konferencyjne
_2DBN
_936310
655 7 _aStan badań
_2DBN
_938242
658 _aHistoria
700 1 _aFigura-Osełkowska, Emilia
_d(1983- ).
_eRedakcja
_918388
700 1 _aMajewski, Piotr
_d(1971- ).
_eRedakcja
_913742
710 2 _aCentralne Muzeum Jeńców Wojennych w Łambinowicach-Opolu.
_eWydawca
_4pbl
_915763
710 2 _aInstytut Północny im. Wojciecha Kętrzyńskiego (Olsztyn).
_eWydawca
_4pbl
_913459
710 2 _aPaństwowe Muzeum Stutthof (Sztutowo).
_eWydawca
_4pbl
_912885
920 _a978-83-61801-55-9 (oprawa twarda)
920 _a978-83-972936-9-4 (oprawa twarda)
942 _2ddc
_cBK_NM
999 _c27048
_d27048